No Second Guess Trivia III Quiz Stats

 Plays Quiz Updated Jul 14, 2016

Challenge
Share
Tweet
Embed
Score 0/16 Timer 05:00
0 Plays Today
% Correct
Vert is French for which color of the rainbow????
80.8%
When listed in alphabetical order, which of Santa Claus' reindeer is listed last????
76.5%
The Nashville Predators play in which of the 'Big Four' professional sports leagues????
68.2%
What two-digit number is the title of Adele's 2011 multi-platinum second album????
64.2%
In what book of the Bible is the tale of Moses parting the Red Sea told????
61.2%
The sitcom 'Seinfeld' originally aired on which of the four major US TV networks????
59.4%
What actor played the role of James Bond in 'Goldeneye'????
58.5%
The Mediterranean island of Corfu is a regional unit of which European country????
56.9%
% Correct
What is the only planet in our solar system, except for Earth, not named for a Roman deity????
50.1%
In scientific notation, what letter of the alphabet is commonly used to denote the speed of light????
40.7%
Harper Lee's novel 'To Kill a Mockingbird' is set in which US state????
40%
Nephrology is the study of diseases affecting what human bodily organ????
39.7%
Which of New York City's five boroughs is the largest in area????
31.3%
In 1945, during what month did Allied forces officially accept the unconditional surrender of Nazi Germany????
27.2%
For what film did Jack Nicholson win his third Academy Award????
27.2%
A tangelo is a hybrid of a tangerine and what other citrus fruit????
16.3%

You're not logged in!

Compare scores with friends on all Sporcle quizzes.
Join for Free
OR
Log In

You Might Also Like...

Show Comments

Extras

Top Quizzes Today


Score Distribution

Your Account Isn't Verified!

In order to create a playlist on Sporcle, you need to verify the email address you used during registration. Go to your Sporcle Settings to finish the process.

Report this User

Report this user for behavior that violates our Community Guidelines.

Details: